|
|
|
|
| LEADER |
00627nam a22001577a 4500 |
| 008 |
170424b xxu||||| |||| 00| 0 mal d |
| 999 |
|
|
|c 235751
|d 235751
|
| 020 |
|
|
|a 9789385725531
|
| 082 |
|
|
|a 398.41 ACH/K
|
| 100 |
|
|
|a Achuthamenon,Chelanattu
|
| 245 |
|
|
|a കേരളത്തിലെ കാളീസേവ /
|c Achuthamenon,Chelanattu
|
| 260 |
|
|
|a Kottayam:
|b Sahithya Pravarthaka Sahakarana Sangham,
|c 2015.
|
| 300 |
|
|
|b 298p.
|
| 942 |
|
|
|c BK
|
| 246 |
|
|
|a Keralathile kaleeseva/
|
| 952 |
|
|
|0 0
|1 0
|4 0
|6 398_410000000000000_ACH_K
|7 0
|9 261711
|a MAL
|b MAL
|c ST1
|d 2017-04-24
|g 250.00
|l 3
|m 1
|o 398.41 ACH/K
|p MAL39512
|r 2021-09-14
|s 2021-08-26
|w 2017-04-24
|y BK
|